[Event "Mumbai Mayors Cup 1st"]
[Site "Mumbai"]
[Date "2008.05.18"]
[Round "10"]
[White "Kochrekar, Vishwesh"]
[Black "Dahale, Atul"]
[Result "0-1"]
[WhiteElo "1864"]
[BlackElo "2118"]
[PlyCount "128"]
[EventDate "2008.05.11"]
[EventType "swiss"]
[EventRounds "11"]
[EventCountry "IND"]
[SourceTitle "CBM 124 Extra"]
[Source "ChessBase"]
[SourceDate "2008.07.03"]
[SourceVersion "1"]
[SourceVersionDate "2008.07.03"]
[SourceQuality "1"]

1. e4 c5 2. Nf3 d6 3. d4 cxd4 4. Nxd4 Nf6 5. Nc3 a6 6. Be2 e5 7. Nb3 Be6 8. a4 Nbd7 9. a5 Rc8 10. Be3 Be7 11. 0-0 0-0 12. f3 Qc7 13. Qd2 Rfd8 14. Rfd1 Qc6 15. Bd3 Nf8 16. Na4 d5 17. Nb6 Rc7 18. exd5 Bxd5 19. Qf2 Ne6 20. c4 Bxf3 21. gxf3 e4 22. Be2 Re8 23. Nd4 Nxd4 24. Bxd4 Bf8 25. Bxf6 gxf6 26. Qg2+ Kh8 27. Kh1 f5 28. Rg1 Bh6 29. Nd5 Rcc8 30. fxe4 fxe4 31. Qf2 Re5 32. Qf6+ Qxf6 33. Nxf6 Bg7 34. Nh5 Bh6 35. Nf6 Bg5 36. Nd5 h6 37. Rgf1 Kg7 38. Rad1 Rf8 39. Nc3 f5 40. Rd7+ Kh8 41. Nd5 f4 42. Rxb7 f3 43. Bd1 Rg8 44. b4 Bd8 45. Bc2 Rg2 46. Ne3 Re2 47. Rb8 Rxe3 48. Rxd8+ Kg7 49. Rd2 Rc3 50. Bxe4 Rxe4 51. b5 Rexc4 52. Rd7+ Kf6 53. Rd6+ Kg5 54. Rxa6 Rc1 55. Kg1 f2+ 56. Kg2 Rg4+ 57. Kxf2 Rf4+ 58. Ke3 Rcxf1 59. b6 Rb4 60. Ra7 Rfb1 61. Rd7 Rb5 62. Ra7 h5 63. Kd4 Kg4 64. Kc4 Kh3 0-1

[Event "Mumbai Mayors Cup 1st"]
[Site "Mumbai"]
[Date "2008.05.13"]
[Round "4"]
[White "Kochrekar, Vishwesh"]
[Black "Abhishek, Kelkar"]
[Result "0-1"]
[WhiteElo "1864"]
[BlackElo "2129"]
[PlyCount "68"]
[EventDate "2008.05.11"]
[EventType "swiss"]
[EventRounds "11"]
[EventCountry "IND"]
[SourceTitle "CBM 124 Extra"]
[Source "ChessBase"]
[SourceDate "2008.07.03"]
[SourceVersion "1"]
[SourceVersionDate "2008.07.03"]
[SourceQuality "1"]

1. e4 e5 2. Nc3 Nf6 3. f4 d5 4. fxe5 Nxe4 5. Nf3 Bc5 6. d4 Bb4 7. Bd2 Bg4 8. Nxe4 dxe4 9. Bxb4 exf3 10. gxf3 Qh4+ 11. Ke2 Bh5 12. Be1 Qf4 13. Qd3 c5 14. c3 cxd4 15. Bg3 Qh6 16. cxd4 Qb6 17. Qd2 Nc6 18. Rd1 0-0 19. Bf4 Rad8 20. d5 Rfe8 21. Qc3 Nxe5 22. Bxe5 f6 23. Qd4 Qd6 24. Kf2 fxe5 25. Qxa7 e4 26. fxe4 Qf4+ 27. Kg1 Qg4+ 28. Kf2 Rf8+ 29. Ke3 Qf3+ 30. Kd2 Qxd1+ 31. Kc3 Rc8+ 32. Kb4 Qd2+ 33. Kb3 Rf3+ 34. Ka4 Be8+ 0-1